Rethinking social justice (Record no. 516596)
[ view plain ]
| 000 -LEADER | |
|---|---|
| fixed length control field | 00263nam a22000977a 4500 |
| 082 ## - DEWEY DECIMAL CLASSIFICATION NUMBER | |
| Classification number | BA27X54 R314 |
| 100 ## - MAIN ENTRY--PERSONAL NAME | |
| Personal name | Anandhi, S. (ed.) |
| 9 (RLIN) | 23131 |
| 245 ## - TITLE STATEMENT | |
| Title | Rethinking social justice |
| Statement of responsibility, etc | edited by S. Anandhi |
| 260 ## - PUBLICATION, DISTRIBUTION, ETC. (IMPRINT) | |
| Place of publication, distribution, etc | Hyderabad |
| Name of publisher, distributor, etc | Orient BlackSwan |
| Date of publication, distribution, etc | 2020 |
| 300 ## - PHYSICAL DESCRIPTION | |
| Extent | 334p. |
No items available.
